Hỏi-đáp về Hiến pháp nước Cộng hòa XHCN Việt Nam
Salvato in:
| Natura: | Libro |
|---|---|
| Lingua: | Undetermined |
| Pubblicazione: |
Hà Nội
Sự thật
1981
|
| Soggetti: | |
| Tags: |
Aggiungi Tag
Nessun Tag, puoi essere il primo ad aggiungerne! !
|
| Thư viện lưu trữ: | Trung tâm Học liệu Trường Đại học Cần Thơ |
|---|
| LEADER | 00539nam a2200157Ia 4500 | ||
|---|---|---|---|
| 001 | CTU_5923 | ||
| 008 | 210402s9999 xx 000 0 und d | ||
| 082 | |a 342.597 | ||
| 082 | |b H426 | ||
| 245 | 0 | |a Hỏi-đáp về Hiến pháp nước Cộng hòa XHCN Việt Nam | |
| 260 | |a Hà Nội | ||
| 260 | |b Sự thật | ||
| 260 | |c 1981 | ||
| 650 | |a constitutions, state - vietnam,law - study and teaching - vietnam | ||
| 904 | |i Nguyễn Quang Điền, 960806 | ||
| 980 | |a Trung tâm Học liệu Trường Đại học Cần Thơ | ||